En represailles / (Record no. 33818)
[ view plain ]
| 000 -LEADER | |
|---|---|
| campo de control de longitud fija | 00552nam a2200181 i 4500 |
| 001 - NÚMERO DE CONTROL | |
| campo de control | 33818 |
| 003 - IDENTIFICADOR DE NÚMERO DE CONTROL | |
| campo de control | ES-MaACL |
| 005 - FECHA Y HORA DE LA ÚLTIMA TRANSACCIÓN | |
| campo de control | 20230906154828.0 |
| 007 - CAMPO FIJO DE DESCRIPCIÓN FÍSICA--INFORMACIÓN GENERAL | |
| campo de control de longitud fija | t| |
| 008 - DATOS DE LONGITUD FIJA--INFORMACIÓN GENERAL | |
| campo de control de longitud fija | 030203s1918 fr ||||1| fre d |
| 100 1# - ENTRADA PRINCIPAL--NOMBRE DE PERSONA | |
| Nombre de persona | Blanchet, Eugene-Louis. |
| 9 (RLIN) | 29157 |
| 245 10 - MENCIÓN DEL TÍTULO | |
| Título | En represailles / |
| Mención de responsabilidad, etc. | Eugene-Louis Blanchet. |
| 260 ## - PUBLICACIÓN, DISTRIBUCIÓN, ETC. | |
| Lugar de publicación, distribución, etc. | Paris : |
| Nombre del editor, distribuidor, etc. | [s.n.], |
| Fecha de publicación, distribución, etc. | 1918 ( |
| Fabricante | Imp. Reuniés) |
| 300 ## - DESCRIPCIÓN FÍSICA | |
| Extensión | 204 p. ; |
| Dimensiones | 19 cm. |
| 650 04 - PUNTO DE ACCESO ADICIONAL DE MATERIA--TÉRMINO DE MATERIA | |
| Término de materia o nombre geográfico como elemento de entrada | Guerra mundial, 1914-1918- |
| Subdivisión de forma | Relatos personales. |
| 9 (RLIN) | 13227 |
| 650 #4 - PUNTO DE ACCESO ADICIONAL DE MATERIA--TÉRMINO DE MATERIA | |
| Término de materia o nombre geográfico como elemento de entrada | Prisioneros de guerra franceses. |
| 9 (RLIN) | 154516 |
| 852 ## - LOCALIZACIÓN | |
| Ubicación | ES-MaACL |
| Número de control de estantería | F-10752 |
| Estatus retirado | Estado de pérdida | Estado de daño | No para préstamo | Biblioteca de origen | Biblioteca actual | Ubicación en estantería | Fecha de adquisición | Fuente de adquisición | Total de préstamos | Signatura topográfica completa | Código de barras | Visto por última vez | Precio de reemplazo | Tipo de ítem Koha |
|---|---|---|---|---|---|---|---|---|---|---|---|---|---|---|
| Biblioteca del Ateneo de Madrid | Biblioteca del Ateneo de Madrid | Sala Pecera Planta 2 | 17/01/2008 | F-10752 | 1035206 | 23/02/2023 | 23/02/2023 | Libro impreso |
